Dicţionar tehnic ilustrat francez-român

Bibliographic Details
Main Author: Enache, Ştefănuţă (Author)
Format: Book
Language:Romanian, Moldovan
French
PhysicalDescription:919 s. ilustr. 25 cm
Published: Bucureşti Tehnică 1999
ISBN:9733112240
Subjects:

MARC

LEADER 00000nam a2200000 a 4500
001 vtls008631558
003 SK-MaSNL
005 20260301021611.0
008 240315s1999 rm a g d 000 0 rum
020 |a 9733112240  |q (viaz.) 
040 |a SNK  |b slo  |c SNK  |e AACR2 
041 0 |a fre  |a rum 
044 |a rm  |c RO 
072 7 |a 81  |x Jazykoveda. Jazyky  |2 konspekt 
080 |a 811.133.1  |2 2001 
080 |a 811.135.1  |2 2001 
080 |a 81`374.822  |2 2001 
080 |a (038)81  |2 2001 
100 1 |a Enache, Ştefănuţă  |4 aut  |9 310834 
245 1 0 |a Dicţionar tehnic ilustrat francez-român  |c Ştefănuţă Enache 
260 |a Bucureşti  |b Tehnică  |c 1999 
300 |a 919 s.  |b ilustr.  |c 25 cm 
650 0 7 |a technika  |2 SNKPH  |9 671 
650 0 7 |a francúzština  |2 SNKPH  |9 1355 
650 0 7 |a rumunčina  |2 SNKPH  |9 1517 
655 7 |a jazykové slovníky  |2 SNKPH  |9 70525 
919 |a 973-31-1224-0 
999 |c 565686  |d 567616 
952 |t snkENA 804.0(038)  |a SNKUST  |b SNKUST  |y PREZ  |7 0  |p 17A0501513  |o snkIC 133115  |i snk2006/6196  |8 2  |g 10.36  |0 0  |1 0  |4 0  |d 2006-03-15  |l 0  |r 2025-04-30 00:00:00  |w 2026-02-23